Laboratory manual selected experiments of pharmaceutical analysis (Record no. 360877)

MARC details
000 -LEADER
fixed length control field 00546 a2200193 4500
005 - DATE & TIME
control field 20250503143746.0
008 - FIXED-LENGTH DATA ELEMENTS--GENERAL INFORMATION
fixed length control field 250501b |||||||| |||| 00| 0 eng d
020 ## - ISBN
International Standard Book Number 9789389261769
Price Rs. 425.00
040 ## - CATALOGING SOURCE
Original cataloging agency VIVEKANANDA LIBRARY
082 ## - DDC NUMBER
Classification number 615.19
Book Number S13L(2)
100 ## - MAIN ENTRY--PERSONAL NAME
Personal name Siddiqui, Anees Ahmad
245 ## - TITLE STATEMENT
Title Laboratory manual selected experiments of pharmaceutical analysis
250 ## - EDITION STATEMENT
Edition statement 2nd
260 ## - PUBLICATION, DISTRIBUTION, ETC. (IMPRINT)
Name of publisher, distributor, etc CBS Publishers and Distributors
Date of publication, distribution, etc 2024
Place of publication, distribution, etc New Delhi
300 ## - PHYSICAL DESCRIPTION
Pages x, 252
650 ## - Subject
Subject Pharmacy
650 ## - Subject
Subject Pharmaceutical Science
942 ## - ADDED ENTRY ELEMENTS (KOHA)
Koha item type Books
Holdings
Withdrawn status Lost status Source of classification or shelving scheme Damaged status Not for loan Location (home branch) Sublocation or collection (holding branch) Shelving location Date acquired Koha issues (times borrowed) Koha full call number Accession No. Koha date last seen Koha item type
    Dewey Decimal Classification     VIVEKANANDA LIBRARY VIVEKANANDA LIBRARY Vivekananda Library 03/02/2025   615.19 S13L(2) 437023 03/02/2025 Books
© Designed and Maintained by Vivekananda Library, MDU Rohtak